000 00905nam a2200313Ia 4500
003 OSt
005 20220912153214.0
006 a|||||r|||| 00| 0
007 ta
008 220909b |||||||| |||| 00| 0 eng d
020 _a 0792350197(Set)
020 _a0792350189(V 3) (hbd)
024 _a6249
037 _cReference Collections
040 _aCSL
_beng
_cCSL
041 _aeng
082 _aB28931g, N8.3 RR
100 _aDu Ding-Zhu Ed.
245 0 _aHandbook of combinatorial optimization
260 _aBoston
_bKluwer Academic Publishers
_c1998
300 _ap.
_ccm.
500 _aPurchase
650 _a Handbook
650 _a Mathematical optimization
650 _aOperations research
700 _a Pardalos Panos M Ed.
942 _hB28931g, N8.3 RR
_cREF
_2CC
999 _c99223
_d99223